Southville International School and Colleges
Your cart is empty.
  • Cart
  • Lists
    Public lists list_1 View all
    Your lists Log in to create your own lists
  • Log in to your account
  • Your cookies
  • Search history
Southville International School and Colleges
  • Advanced search
  • Recent comments
  • Most popular
  • Libraries

Log in to your account

Log in with GOOGLE


If you do not have an external account, but do have a local account, you can still log in:

  1. Home
  2. MARC view: Topical maths normal academic /
Normal view MARC view ISBD view

Topical maths normal academic / (Record no. 295953)

[ view plain ]
MARC details
000 -LEADER
fixed length control field 00846nam a22001817a 4500
003 - CONTROL NUMBER IDENTIFIER
control field SISC
005 - DATE AND TIME OF LATEST TRANSACTION
control field 20160616122647.0
008 - FIXED-LENGTH DATA ELEMENTS--GENERAL INFORMATION
fixed length control field 160616b xxu||||| |||| 00| 0 eng d
020 ## - INTERNATIONAL STANDARD BOOK NUMBER
International Standard Book Number 9789814574631
050 ## - LIBRARY OF CONGRESS CALL NUMBER
Classification number QA 135.6 T645 2014
245 ## - TITLE STATEMENT
Title Topical maths normal academic /
Statement of responsibility, etc P. J. Toh.
250 ## - EDITION STATEMENT
Edition statement 2nd ed.
260 ## - PUBLICATION, DISTRIBUTION, ETC. (IMPRINT)
Place of publication, distribution, etc Singapore :
Name of publisher, distributor, etc Singapore Publishing House
Date of publication, distribution, etc 2014.
300 ## - PHYSICAL DESCRIPTION
Extent 196 p. :
Other physical details ill. ;
Dimensions 26 cm.
520 ## - SUMMARY, ETC.
Summary, etc Topical Maths Normal (Academic) is a series of books which is extremely useful for students preparing for end-of-year examinations. Each book provides a comprehensive coverage of the latest MOE Secondary Maths syllabus, and students will find it easy to follow the clear and easy-to-understand explanations given for the various concepts.
650 ## - SUBJECT ADDED ENTRY--TOPICAL TERM
Topical term or geographic name as entry element Mathematics--Study and teaching.
942 ## - ADDED ENTRY ELEMENTS (KOHA)
Source of classification or shelving scheme Library of Congress Classification
Koha item type Books
Holdings
Withdrawn status Lost status Source of classification or shelving scheme Damaged status Home library Current library Shelving location Date acquired Source of acquisition Total Checkouts Full call number Barcode Date last seen Price effective from Koha item type
    Library of Congress Classification   Luxembourg Library Luxembourg Library Teachers Reference Section 06/16/2016 Library Fund   QA 135.6 T645 2014 20204 06/16/2016 06/16/2016 Books

Topical maths normal academic /

APA

(2014). Topical maths normal academic. Singapore: Singapore Publishing House.

Chicago

2014. Topical maths normal academic. Singapore: Singapore Publishing House.

Harvard

(2014). Topical maths normal academic. Singapore: Singapore Publishing House.

MLA

Topical maths normal academic. Singapore: Singapore Publishing House. 2014.

  • Place hold
  • Print
  • Cite
  • Add to your cart (remove)
  • Save record
    BIBTEX Dublin Core MARCXML MARC (non-Unicode/MARC-8) MARC (Unicode/UTF-8) MARC (Unicode/UTF-8, Standard) MODS (XML) RIS
  • More searches
    Search for this title in:
    Other Libraries (WorldCat) Other Databases (Google Scholar) Online Stores (Bookfinder.com) Open Library (openlibrary.org)

Exporting to Dublin Core...

SOUTHVILLE LIBRARY

Southville International School and Colleges Library

1281 Tropical Ave. Cor. Luxembourg St., BF Homes International, Las Pinas City

Tel. No. 8256374 / 252358 Loc. 117/146

Powered by Koha